00505nam a2200193 a 4500001001300000003000900013005001700022008004100039020001000080082001500090100001800105245005300123260004200176300000800218500003500226505001000261650002200271700001800293nice12345678IN_TiNIC20260116012659.0050524s1944 lona grp 000 0 eng  ac10000a269.2bWAR aWarren, M A C aCalling of Godb Four Essays in Missionary Works aLondonbLutterworth Educationalc1944 a66p aincludes index and biblioraphy2 aindex aEvangelistic Work1 aWarren, M A C